The Art of India (Record no. 47276)

MARC details
000 -LEADER
fixed length control field 00735nam a22001697a 4500
005 - DATE AND TIME OF LATEST TRANSACTION
control field 20260218125126.0
008 - FIXED-LENGTH DATA ELEMENTS--GENERAL INFORMATION
fixed length control field 260218b |||||||| |||| 00| 0 eng d
020 ## - INTERNATIONAL STANDARD BOOK NUMBER
International Standard Book Number 9788193418703
040 ## - CATALOGING SOURCE
Transcribing agency VITAP
082 ## - DEWEY DECIMAL CLASSIFICATION NUMBER
Edition number 23rd Ed.
Classification number 709.54 BEH
100 ## - MAIN ENTRY--PERSONAL NAME
Personal name Behl, Benoy K
9 (RLIN) 17086
245 ## - TITLE STATEMENT
Title The Art of India
Remainder of title : Sculpture and Mural Painting (Ancient and Medieval Period) : VOLUME 2
Statement of responsibility, etc. / Benoy K Behl
260 ## - PUBLICATION, DISTRIBUTION, ETC.
Place of publication, distribution, etc. Chennai
Name of publisher, distributor, etc. Frontline and THG (The Hindu Group) Publishing Private Limited
Date of publication, distribution, etc. 2024
300 ## - PHYSICAL DESCRIPTION
Extent 259p. : ill. ; 29cm
Other physical details VOLUME 2
650 #0 - SUBJECT ADDED ENTRY--TOPICAL TERM
Topical term or geographic name entry element Art of India; Temples; Ajanta; Indian Painting; Khajuraho; Temple Cities of Tamilnadu; Trans Himalayan Monteries; Royal Art And Chola Temples of Tamilnadu
9 (RLIN) 17092
Source of heading or term
942 ## - ADDED ENTRY ELEMENTS (KOHA)
Source of classification or shelving scheme Dewey Decimal Classification
Koha item type Reference Book
Holdings
Withdrawn status Lost status Source of classification or shelving scheme Materials specified (bound volume or other part) Damaged status Not for loan Collection code Home library Current library Shelving location Date acquired Source of acquisition Cost, normal purchase price Inventory number Total Checkouts Full call number Barcode Date last seen Cost, replacement price Price effective from Koha item type Public note
    Dewey Decimal Classification Hard Bound     Reference School of Business & General Section VIT-AP Reference 2026-01-12 The Hindu Group of Publications 5000.00 9001173329   709.54 BEH 025469 2026-02-18 5000.00 2026-01-12 Reference Book GEN

Visitor Number: